| 000 | 01098nam a2200253 a 4500 | ||
|---|---|---|---|
| 001 | 41410 | ||
| 003 | BD-RjUL | ||
| 005 | 20211209053401.0 | ||
| 008 | 160530s1993 ii ||||| |||| 00| 0 ben d | ||
| 020 | _c: Tk.100 | ||
| 035 | _a(BD-RjUL)41527 | ||
| 040 |
_aBD-RjUL _bben _cBD-RjUL |
||
| 041 | _aben | ||
| 082 |
_223 _a891.4408 _bHAG 1993 |
||
| 100 |
_aহালদার, গোপাল _9118374 |
||
| 245 | 1 | 0 |
_aগোপাল হালদার রচনাসমগ্র / _cগোপাল হালদার |
| 250 | _a১ম এ মুখার্জী (যুগ্ম) সং. | ||
| 260 |
_aকলিকাতা : _bএ মুখার্জী এ্যান্ড কোং প্রাইভেট লিমিটেড , _c১৯৯৩ |
||
| 300 |
_a খন্ড ; _c২১ সেমি. |
||
| 505 | _aখণ্ড ১ : (বাংলা সাহিত্যের রূপরেখা) ; খণ্ড ২ -- | ||
| 650 |
_aবাংলা সাহিত্য _xরচনাবলী _9129397 |
||
| 650 |
_aBengali Literature _xCollected Works _9118004 |
||
| 942 |
_2ddc _cBK |
||
| 999 |
_c41410 _d41410 |
||